00648nam a2200181Ia 4500001001000000003000500010008004100015010001100056040000900067100003400076245009500110260003400205300001000239502010600249650003100355650003000386710005000416Para_8801CHAP220125s2003 xx 000 0 und d a205966 cCHAP aPadilla Árciga, Juan Manuel aCodayuvantes en la acción biológica del glifosato /c por Juan Manuel Padilla Árciga aChapingo, Méx. :b el autor a62 h. aTesis (Ing. Agr. Esp. en Parasitología Agrícola) -- UACh. Departamento Parasitología Agrícola aHerbicidas x coadyuvantes aMalas hierbas x control  aUACh. Departamento Parasitología Agrícola